Performance of clones in commercial practice : Sixth report (Record no. 64721)

MARC details
000 -LEADER
fixed length control field 00400nam a2200157Ia 4500
245 #0 - TITLE STATEMENT
Title Performance of clones in commercial practice : Sixth report
260 ## - PUBLICATION, DISTRIBUTION, ETC. (IMPRINT)
Name of publisher Planters Bulletin
Year of publication 1970
300 ## - PHYSICAL DESCRIPTION
Number of Pages 135-146
650 ## - SUBJECT ADDED ENTRY--TOPICAL TERM
Topical Term Girth
650 ## - SUBJECT ADDED ENTRY--TOPICAL TERM
Topical Term Panel disease
650 ## - SUBJECT ADDED ENTRY--TOPICAL TERM
Topical Term Tapping system
650 ## - SUBJECT ADDED ENTRY--TOPICAL TERM
Topical Term Wind damage
650 ## - SUBJECT ADDED ENTRY--TOPICAL TERM
Topical Term Yield
942 ## - ADDED ENTRY ELEMENTS (KOHA)
Koha item type Journals
Holdings
Withdrawn status Lost status Damaged status Not for loan Home library Current library Shelving location Date acquired Serial Enumeration / chronology Koha item type
      Journals RRII Library RRII Library Botany 17/12/2021 Volume 109, Issue Journals